| 000 | 01461cam a22003857a 4500 | ||
|---|---|---|---|
| 001 | 14445816 | ||
| 003 | OSt | ||
| 005 | 20240411120117.0 | ||
| 008 | 060711s2005 enkab 1 eng d | ||
| 010 | _a 2006530822 | ||
| 020 | _a0521836085 (hbk.) | ||
| 020 | _a0521543959 (pbk.) | ||
| 024 | 3 | _a9780521836081 (hbk.) | |
| 024 | 3 | _a9780521836085 (pbk.) | |
| 035 | _a(CStRLIN)ILCGHZ5704966-B | ||
| 035 | _a(ICU)hz5704966 | ||
| 040 |
_aNhCcYBP _cDDC _dDLC |
||
| 042 | _alccopycat | ||
| 050 | 0 | 0 |
_aQL494 _b.L34 2005 |
| 082 | 0 | 0 | _a595.7 LEH2005 |
| 100 | 1 |
_aLehane, M. J.; _914565 |
|
| 245 | 1 | 4 | _aThe Biology of Blood-sucking in Insects |
| 250 | _a2nd ed. | ||
| 260 |
_aCambridge ; _bCambridge University Press, _c2005. |
||
| 300 |
_axii, 321 p. : _bill., maps _c24 cm. |
||
| 500 | _aPrevious ed. published as: Biology of blood-sucking insects / HarperCollins, 1991. | ||
| 504 | _aIncludes bibliographical references and index. | ||
| 650 | 0 |
_aBiology _95602 |
|
| 856 | 4 | 2 |
_3Publisher description _uhttp://www.loc.gov/catdir/enhancements/fy0664/2006530822-d.html |
| 856 | 4 | 1 |
_3Table of contents only _uhttp://www.loc.gov/catdir/enhancements/fy0664/2006530822-t.html |
| 856 | 4 | 2 |
_3Contributor biographical information _uhttp://www.loc.gov/catdir/enhancements/fy0733/2006530822-b.html |
| 906 |
_a7 _bcbc _ccopycat _d2 _encip _f20 _gy-gencatlg |
||
| 942 |
_2ddc _cO_SHELF |
||
| 999 |
_c7071 _d7071 |
||